Spatial Distribution of Investment Incentives and the Impact of New Incentive System for Less Developed Regions in Turkey

Skúmanie regionálneho rozdelenia stimulov v rokoch 2001-2016 v Turecku. Vplyv nového systému stimulov na rozdelenie investícií do menej rozvinutých regiónov. Použitie techniky mapového grafu.

Gespeichert in:
Bibliographische Detailangaben
1. Verfasser: Sungur, Onur
Format: Buchkapitel
Sprache:Englisch
Schlagworte:
Tags: Tag hinzufügen
Keine Tags, Fügen Sie das erste Tag hinzu!

MARC

LEADER 00000naa a2200000 4500
001 0257696
005 20190826141155.0
041 0 |a eng 
044 |a CZ 
245 1 0 |a Spatial Distribution of Investment Incentives and the Impact of New Incentive System for Less Developed Regions in Turkey  |c Onur Sungur 
520 |a Skúmanie regionálneho rozdelenia stimulov v rokoch 2001-2016 v Turecku. Vplyv nového systému stimulov na rozdelenie investícií do menej rozvinutých regiónov. Použitie techniky mapového grafu. 
610 2 0 |a Turecko 
610 2 0 |a stimuly 
610 2 0 |a rozvoj regionálny 
610 2 0 |a investície 
610 2 0 |a analýza dát 
100 1 |a Sungur, Onur